Central Library OPAC University of Rajshahi

বেদান্ত দর্শন / (Record no. 80055)

MARC details
000 -LEADER
fixed length control field 01058nam a2200277 a 4500
001 - CONTROL NUMBER
control field 80055
003 - CONTROL NUMBER IDENTIFIER
rucl marc code BD-RjUL
005 - DATE AND TIME OF LATEST TRANSACTION
control field 20220629111502.0
008 - FIXED-LENGTH DATA ELEMENTS--GENERAL INFORMATION
fixed length control field 220629s2022 bg ||||| |||| 00| 0 ben d
020 ## - INTERNATIONAL STANDARD BOOK NUMBER
International Standard Book Number 9847000004703
035 ## - SYSTEM CONTROL NUMBER
System control number (BD-RjUL)80055
040 ## - CATALOGING SOURCE
Original cataloging agency BD-RjUL
Language of cataloging eng
Transcribing agency BD-RjUL
041 ## - LANGUAGE CODE
Language code of text/sound track or separate title ben
082 ## - DEWEY DECIMAL CLASSIFICATION NUMBER
Edition number 23
Classification number 181.48
Author mark and year CHB 2022
100 ## - MAIN ENTRY--PERSONAL NAME
Personal name চৌধুরী, রমা
9 (RLIN) 3930
245 10 - TITLE STATEMENT
Title বেদান্ত দর্শন /
Statement of responsibility, etc. রমা চৌধুরী ; সম্পাদনা সন্দীপ পাল, মোঃ আনিসুজ্জামান
260 ## - PUBLICATION, DISTRIBUTION, ETC. (IMPRINT)
Place of publication, distribution, etc. ঢাকা :
Name of publisher, distributor, etc. জাতীয় সাহিত্য প্রকাশ,
Date of publication, distribution, etc. ২০২২
300 ## - PHYSICAL DESCRIPTION
Pagination ২৬৩ পৃ.;
Size ২২ সেমি.
650 ## - SUBJECT ADDED ENTRY--TOPICAL TERM
Topical term or geographic name as entry element বেদান্ত
9 (RLIN) 3931
Topical term or geographic name as entry element Vedanta
9 (RLIN) 3932
Topical term or geographic name as entry element হিন্দু দর্শন
9 (RLIN) 3933
Topical term or geographic name as entry element Hindu philosophy
9 (RLIN) 3934
700 ## - ADDED ENTRY--PERSONAL NAME
Personal name পাল, সন্দীপ
Personal name আনিসুজ্জামান, মোঃ
942 ## - ADDED ENTRY ELEMENTS (KOHA)
Source of classification or shelving scheme Dewey Decimal Classification
Koha item type Books
Holdings
Lost status Source of classification or shelving scheme Damaged status Not for loan Collection code Permanent Location Current Location Shelving location Date acquired Source of acquisition Cost, normal purchase price Total Checkouts Full call number Date last seen Copy number Koha item type Date checked out
  Dewey Decimal Classification   Not For Loan Non-fiction Central Library, University of Rajshahi Central Library, University of Rajshahi Reading Room 10/04/2022 Md. Anisuzzaman 263.00   B 181.48 CHB 2022 29/06/2022 C-1 Books  
  Dewey Decimal Classification     Non-fiction Central Library, University of Rajshahi Central Library, University of Rajshahi General Stacks 10/04/2022 Md. Anisuzzaman 263.00   B 181.48 CHB 2022 29/06/2022 C-2 Books  
  Dewey Decimal Classification     Non-fiction Central Library, University of Rajshahi Central Library, University of Rajshahi General Stacks 10/04/2022 Md. Anisuzzaman 263.00 1 B 181.48 CHB 2022 14/03/2023 C-3 Books 06/03/2023
  Dewey Decimal Classification     Non-fiction Central Library, University of Rajshahi Central Library, University of Rajshahi General Stacks 10/04/2022 Md. Anisuzzaman 263.00   B 181.48 CHB 2022 29/06/2022 C-4 Books  
  Dewey Decimal Classification     Non-fiction Central Library, University of Rajshahi Central Library, University of Rajshahi General Stacks 10/04/2022 Md. Anisuzzaman 263.00   B 181.48 CHB 2022 29/06/2022 C-5 Books  
  Dewey Decimal Classification     Non-fiction Central Library, University of Rajshahi Central Library, University of Rajshahi General Stacks 18/04/2022 Jatiya Sahitya Prakash, Dhaka 24500.00   B 181.48 CHB 2022 29/06/2022 C-6 Books  
  Dewey Decimal Classification     Non-fiction Central Library, University of Rajshahi Central Library, University of Rajshahi General Stacks 18/04/2022 Jatiya Sahitya Prakash, Dhaka 245.00 1 B 181.48 CHB 2022 08/04/2025 C-7 Books 06/03/2025